Comuni della Provincia di Fermo (con mappa) - Statistics

Statistiche generali
  • Questo quiz è stato fatto 21 volte
  • Il punteggio medio è 26 su 40
Risposte nella Mappa
Le risposte nella mappa del quiz sottostante sono codificate secondo una scala di colori dal rosso al verde in base alla % di persone che hanno risposto correttamente.
 
Statistiche sulle risposte
Risposta % Corretto
Fermo
100%
Porto Sant'Elpidio
92%
Montegranaro
83%
Monterubbiano
83%
Pedaso
83%
Altidona
75%
Amandola
75%
Grottazzolina
75%
Montegiorgio
75%
Monte San Pietrangeli
75%
Petritoli
75%
Porto San Giorgio
75%
Sant'Elpidio a Mare
75%
Campofilone
67%
Lapedona
67%
Montappone
67%
Montefortino
67%
Monte Urano
67%
Monte Vidon Corrado
67%
Servigliano
67%
Falerone
58%
Francavilla d'Ete
58%
Montefalcone Appennino
58%
Montelparo
58%
Monte Rinaldo
58%
Monte Vidon Combatte
58%
Moresco
58%
Rapagnano
58%
Santa Vittoria in Matenano
58%
Smerillo
58%
Belmonte Piceno
50%
Magliano di Tenna
50%
Massa Fermana
50%
Monte Giberto
50%
Montottone
50%
Ortezzano
50%
Torre San Patrizio
50%
Monsampietro Morico
42%
Monteleone di Fermo
42%
Ponzano di Fermo
42%
Nessun quiz corrispondente trovato
Distribuzione punteggi
Percentuale di utenti per punteggio
Percentile per numero di risposta
I tuoi punteggi nel tempo
Non hai fatto questo quiz